| 000 | 00782cam a2200289 4500 | ||
|---|---|---|---|
| 001 | ABS68007 | ||
| 008 | 040721n2004 000 0 eng u | ||
| 035 | _a(Sirsi) u126884 | ||
| 245 | _aRegional survey: Hampshire, Dorset and South Wiltshire | ||
| 260 | _c2004 | ||
| 490 |
_aProperty Week _v69(27) 2 July 2004, 69-80(7) |
||
| 590 | _aABS | ||
| 590 | _aABS | ||
| 650 | _aHAMPSHIRE | ||
| 650 | _aDORSET | ||
| 650 | _aSOUTH WILTSHIRE | ||
| 650 | _aSOUTHAMPTON | ||
| 650 | _aM27 CORRIDOR | ||
| 650 | _aSOUTHSEA | ||
| 650 | _aPORTSMOUTH | ||
| 650 | _aPROPERTY-COMMERCIAL PROPERTY-RETAIL PROPERTY-RETAIL PROPERTY MARKET | ||
| 650 | _aINDUSTRIAL MARKET | ||
| 650 | _aOFFICE MARKET | ||
| 650 | _aBASINGSTOKE | ||
| 690 | _aCOMMERCIAL PROPERTY-MARKET | ||
| 942 | _n0 | ||
| 999 |
_c117742 _d117742 |
||